Action research: improving schools and empowering educators

محفوظ في:
التفاصيل البيبلوغرافية
المؤلف الرئيسي: MERTLER, Craig A.
التنسيق: كتاب
اللغة:الإنجليزية
منشور في: Sage Publications, 2017.
الوسوم: إضافة وسم
لا توجد وسوم, كن أول من يضع وسما على هذه التسجيلة!

MARC

LEADER 00000nam a22000007a 4500
008 210819b ||||| |||| 00| 0 eng d
020 |a 978-1-4833-8905-9 
100 |a MERTLER, Craig A. 
245 |a Action research:  |b  improving schools and empowering educators  |c Craig A. Mertler.  |g xxi, 337p. : ill. 
250 |b 5th ed. 
260 |b Sage Publications,   |c 2017.   |h Los Angeles:   |i 691986  |i 691987   |l LB1028.24 .M54  |m Action research in education. 
500 |a “It includes references and index”. 
942 |a lcc  |c BK  |e Adeniran, F. A  |f 19/08/2021 
952 |0 0  |1 0  |2 lcc  |4 0  |6 LB102824 M54  |7 0  |9 3157  |a HOL  |b ED  |c LP  |d 2021-08-19  |l 0  |o LB1028.24 .M54  |p 2021-66855  |r 2021-08-19 00:00:00  |w 2021-08-19  |y BK 
952 |0 0  |1 0  |2 lcc  |4 0  |6 LB102824 M54  |7 0  |9 3158  |a HOL  |b HOL  |c LP  |d 2021-08-19  |l 0  |o LB1028.24 .M54  |p 2021-66856  |r 2021-08-19 00:00:00  |w 2021-08-19  |y BK 
999 |c 1597  |d 1597